000 00362nam a2200145Ia 4500
008 240624s9999 xx 000 0 und d
041 _aeng
082 _a306.01 GRE
100 _aGREENWOOD ROYSTON
245 _aSAGE HANDBOOK OF ORGANIZATIONAL INSTITUT
250 _a(2nd ed.)
260 _c2017
_aInstitutionalism
_bSage
300 _a928 p.
365 _c
_b32
999 _c29197
_d29197